LEADER 01138nam0-22003371i-450- 001 990002053500403321 005 20021010 035 $a000205350 035 $aFED01000205350 035 $a(Aleph)000205350FED01 035 $a000205350 100 $a20021010d--------km-y0itay50------ba 101 0 $aita 200 1 $aIsotopes and radiation in entomology. Proceedings of a symposium on the use of isotopes and radiation in entomology$fIAEA and FAO, Vienna 4-8 december 1967 210 $aVienna$cIAEA$d1968 215 $a428 p.$d24 cm 610 0 $aRadiazioni, Insetti 610 0 $aEntomologia, Radiazione 610 0 $aSterilizzazione: Isotopi, Insetti 610 0 $aLotta Biologica e Integrata 676 $a595.70182 710 02$aInternational Atomic Energy Agency$012873 712 02$aFAO 801 0$aIT$bUNINA$gRICA$2UNIMARC 901 $aBK 912 $a990002053500403321 952 $a61 VII B.8/107$b6996 (19/5/98)$fDAGEN 959 $aDAGEN 996 $aIsotopes and radiation in entomology. Proceedings of a symposium on the use of isotopes and radiation in entomology$9406009 997 $aUNINA DB $aING01 LEADER 01948nam 2200397Ia 450 001 996394164803316 005 20221108034735.0 035 $a(CKB)4940000000115118 035 $a(EEBO)2240924659 035 $a(UnM)9929061200971 035 $a(UnM)99897525 035 $a(EXLCZ)994940000000115118 100 $a19850427d1649 uy | 101 0 $aeng 135 $aurbn||||a|bb| 200 12$aA vindication of the imprisoned and secluded Members of the House of Commons$b[electronic resource] $efrom the aspersions cast upon them, and the majority of the House, in a paper lately printed and published: intituled, An humble answer of the Generall Councel of the officers of the Army under his Excellency Thomas Lord Fairfax, to the demands of the Honourable Commons of England in Parliament assembled: concerning the late securing or secluding some Members thereof 210 $aLondon $cprinted for Michael Spark an [sic] the blue Bible in Green-Arbour$d1649 215 $a8, 7-28 [i.e. 34] p 300 $aBy William Prynne. 300 $aA reply to "The humble answer of the General Councel of officers of the Army, under His Excellencie, Thomas, Lord Fairfax", dated 3 Jan. 1649. 300 $aPages 31-34 are misnumbered 25, 24, 29 and 28 respectively. 300 $aAnnotation on Thomason copy: "Jan: 23 1648". 300 $aCopy filmed at reel 2502 bound and filmed following Wing L2100A and I209D. 300 $aReproduction of original in the Cambridge University Library. 330 $aeebo-0021 607 $aGreat Britain$xPolitics and government$y1642-1649$vEarly works to 1800 700 $aPrynne$b William$f1600-1669.$0198500 801 0$bCu-RivES 801 1$bCu-RivES 801 2$bCStRLIN 801 2$bCu-RivES 801 2$bWaOLN 906 $aBOOK 912 $a996394164803316 996 $aA vindication of the imprisoned and secluded Members of the House of Commons$92315445 997 $aUNISA